Construction Claims and Responses (Record no. 115797)
[ view plain ]
| 000 -LEADER | |
|---|---|
| fixed length control field | 01286cam a22002295a 4500 |
| 001 - CONTROL NUMBER | |
| control field | L159314 |
| 008 - FIXED-LENGTH DATA ELEMENTS--GENERAL INFORMATION | |
| fixed length control field | 160616s2016 xxk f 000 0 eng d |
| 020 ## - INTERNATIONAL STANDARD BOOK NUMBER | |
| International Standard Book Number | 9781119151876 |
| 035 ## - SYSTEM CONTROL NUMBER | |
| System control number | (Sirsi) u159314 |
| 041 0# - LANGUAGE CODE | |
| Language code of text/sound track or separate title | eng |
| 100 1# - MAIN ENTRY--PERSONAL NAME | |
| Personal name | Hewitt, Andrew |
| 245 00 - TITLE STATEMENT | |
| Title | Construction Claims and Responses |
| Remainder of title | Effective Writing and Presentation |
| Medium | [electronic resource] |
| 260 ## - PUBLICATION, DISTRIBUTION, ETC. | |
| Place of publication, distribution, etc. | London |
| Name of publisher, distributor, etc. | Wiley-Blackwell |
| Date of publication, distribution, etc. | 2016 |
| 300 ## - PHYSICAL DESCRIPTION | |
| Extent | eBook |
| 520 ## - SUMMARY, ETC. | |
| Summary, etc. | A practical guide for contracts managers, commercial managers, project managers, quantity surveyors, engineers and architects on the preparation of and responses to construction claims. Examines the different types of claim common to construction contracts and presents a step-by-step guide to demonstrate the process of building up the submission of a claim. Covers various types of claim, how the claim may be split into sections dealing with the details of the contract, the cause, the effect, entitlement and quantum. Includes worked examples of typical claims and responses with sample wording. |
| 590 ## - LOCAL NOTE (RLIN) | |
| Local note | NTK |
| 650 24 - SUBJECT ADDED ENTRY--TOPICAL TERM | |
| Topical term or geographic name entry element | EBOOK |
| 651 #4 - SUBJECT ADDED ENTRY--GEOGRAPHIC NAME | |
| Geographic name | United Kingdom |
| Chronological subdivision | |
| 690 ## - LOCAL SUBJECT ADDED ENTRY--TOPICAL TERM (OCLC, RLIN) | |
| Topical term or geographic name as entry element | Construction management |
| 9 (RLIN) | 6230 |
| 856 40 - ELECTRONIC LOCATION AND ACCESS | |
| Uniform Resource Identifier | <a href="https://www.vlebooks.com/">https://www.vlebooks.com/</a> |
| Public note | View on VLEbooks. Logins for members only from [email protected] |
| 942 ## - ADDED ENTRY ELEMENTS (KOHA) | |
| Suppress in OPAC | 0 |
| Withdrawn status | Lost status | Source of classification or shelving scheme | Damaged status | Not for loan | Home library | Current library | Shelving location | Date acquired | Total Checkouts | Full call number | Barcode | Date last seen | Copy number | Price effective from | Koha item type |
|---|---|---|---|---|---|---|---|---|---|---|---|---|---|---|---|
| Dewey Decimal Classification | Virtual | Virtual | Online | 04/08/2016 | eBook | 159314-2001 | 06/08/2019 | 1 | 06/08/2019 | Book |